Role of Women in Today's Agriculture : an impact study in samastipur district of bihar / (Record no. 43195)

MARC details
000 -LEADER
fixed length control field 00609nam a22002177a 4500
003 - CONTROL NUMBER IDENTIFIER
control field OSt
008 - FIXED-LENGTH DATA ELEMENTS--GENERAL INFORMATION
fixed length control field 240802b |||||||| |||| 00| 0 eng d
082 ## - DEWEY DECIMAL CLASSIFICATION NUMBER
Classification number 305.43
Item number K98R
100 ## - MAIN ENTRY--PERSONAL NAME
Personal name Kumari, Pooja.
245 ## - TITLE STATEMENT
Title Role of Women in Today's Agriculture : an impact study in samastipur district of bihar /
Statement of responsibility, etc. by Pooja Kumari
260 ## - PUBLICATION, DISTRIBUTION, ETC. (IMPRINT)
Name of publisher, distributor, etc : RAU
Date of publication, distribution, etc , 2015
Place of publication, distribution, etc .- Pusa, Samastipur
300 ## - PHYSICAL DESCRIPTION
Extent ix,84p.
502 ## - DISSERTATION NOTE
Degree type M. Sc.
650 ## - SUBJECT ADDED ENTRY--TOPICAL TERM
Topical term or geographic name as entry element Home Sciences
650 ## - SUBJECT ADDED ENTRY--TOPICAL TERM
Topical term or geographic name as entry element Extension and Communication Management
650 ## - SUBJECT ADDED ENTRY--TOPICAL TERM
Topical term or geographic name as entry element Women
650 ## - SUBJECT ADDED ENTRY--TOPICAL TERM
Topical term or geographic name as entry element Agriculture
650 ## - SUBJECT ADDED ENTRY--TOPICAL TERM
Topical term or geographic name as entry element Thesis
650 ## - SUBJECT ADDED ENTRY--TOPICAL TERM
Topical term or geographic name as entry element M. Sc.
942 ## - ADDED ENTRY ELEMENTS (KOHA)
Source of classification or shelving scheme
Koha item type Thesis
Holdings
Withdrawn status Lost status Source of classification or shelving scheme Damaged status Not for loan Home library Current library Date acquired Source of acquisition Cost, normal purchase price Full call number Barcode Date last seen Bill Date Koha item type Bill Number
          Dr. Rajendra Prasad Central Agricultural University Pusa, Dr. Rajendra Prasad Central Agricultural University Pusa, 02/08/2024 by Author 0.00 305.43 K98R 70624 02/08/2024   Thesis Gift
Hosted, Implemented, Customized & Maintained by: BestBookBuddies

Powered by Koha